<?xml version="1.0" encoding="UTF-8"?>
<record
    xmlns:xsi="http://www.w3.org/2001/XMLSchema-instance"
    xsi:schemaLocation="http://www.loc.gov/MARC21/slim http://www.loc.gov/standards/marcxml/schema/MARC21slim.xsd"
    xmlns="http://www.loc.gov/MARC21/slim">

  <leader>01093nam a2200325 c 4500</leader>
  <controlfield tag="001">a6614149</controlfield>
  <controlfield tag="003">SpMaBN</controlfield>
  <controlfield tag="005">20250108151852.0</controlfield>
  <controlfield tag="008">191126s2019    sp a   | |||| 000 0 spa  </controlfield>
  <datafield tag="015" ind1=" " ind2=" ">
    <subfield code="a">MON2002</subfield>
  </datafield>
  <datafield tag="017" ind1=" " ind2=" ">
    <subfield code="a">B 13195-2019</subfield>
    <subfield code="b">Oficina Dep&#xF3;sito Legal Barcelona</subfield>
  </datafield>
  <datafield tag="020" ind1=" " ind2=" ">
    <subfield code="a">9788417430566</subfield>
  </datafield>
  <datafield tag="035" ind1=" " ind2=" ">
    <subfield code="a">(OCoLC)1158028649</subfield>
  </datafield>
  <datafield tag="040" ind1=" " ind2=" ">
    <subfield code="a">SpMaBN</subfield>
    <subfield code="b">spa</subfield>
    <subfield code="c">SpMaBN</subfield>
    <subfield code="e">rda</subfield>
  </datafield>
  <datafield tag="041" ind1="1" ind2=" ">
    <subfield code="a">spa</subfield>
    <subfield code="k">fre</subfield>
    <subfield code="h">chi</subfield>
  </datafield>
  <datafield tag="082" ind1=" " ind2=" ">
    <subfield code="a">355 T999a 2019</subfield>
  </datafield>
  <datafield tag="100" ind1="0" ind2=" ">
    <subfield code="a">Sunzi</subfield>
  </datafield>
  <datafield tag="245" ind1="1" ind2="3">
    <subfield code="a">El arte de la guerra :</subfield>
    <subfield code="b">los trece art&#xED;culos / </subfield>
    <subfield code="c">Sun Tzu ; traducido del chino por Jean Joseph-Marie Amiot ; versi&#xF3;n castellana de Esteve Serra ; ilustraciones de Rosanna Tasker</subfield>
  </datafield>
  <datafield tag="250" ind1=" " ind2=" ">
    <subfield code="a">Edici&#xF3;n revisada y actualizada</subfield>
  </datafield>
  <datafield tag="264" ind1=" " ind2="1">
    <subfield code="a">Barcelona : </subfield>
    <subfield code="b">Alma,</subfield>
  </datafield>
  <datafield tag="264" ind1=" " ind2="4">
    <subfield code="c">&#xA9;2019</subfield>
  </datafield>
  <datafield tag="300" ind1=" " ind2=" ">
    <subfield code="a">122 p&#xE1;ginas</subfield>
    <subfield code="b">ilustraciones (color)</subfield>
  </datafield>
  <datafield tag="490" ind1="0" ind2=" ">
    <subfield code="a">Cl&#xE1;sicos ilustrados</subfield>
  </datafield>
  <datafield tag="650" ind1=" " ind2="7">
    <subfield code="a">Arte y ciencia militar</subfield>
    <subfield code="v">Obras anteriores a 1800</subfield>
    <subfield code="2">embne</subfield>
  </datafield>
  <datafield tag="700" ind1="1" ind2=" ">
    <subfield code="a">Serra, Esteve</subfield>
    <subfield code="d">1953-</subfield>
    <subfield code="e">traductor</subfield>
    <subfield code="4">trl</subfield>
  </datafield>
  <datafield tag="700" ind1="1" ind2=" ">
    <subfield code="a">Tasker, Rosanna</subfield>
    <subfield code="e">ilustrador</subfield>
    <subfield code="4">ill</subfield>
  </datafield>
  <datafield tag="901" ind1=" " ind2=" ">
    <subfield code="a">&amp;quot;ISBN&amp;quot;</subfield>
  </datafield>
  <datafield tag="942" ind1=" " ind2=" ">
    <subfield code="2">ddc</subfield>
    <subfield code="c">BK</subfield>
    <subfield code="z">3</subfield>
  </datafield>
  <datafield tag="956" ind1=" " ind2=" ">
    <subfield code="a">2</subfield>
  </datafield>
  <datafield tag="999" ind1=" " ind2=" ">
    <subfield code="c">6038</subfield>
    <subfield code="d">6038</subfield>
  </datafield>
  <datafield tag="952" ind1=" " ind2=" ">
    <subfield code="0">0</subfield>
    <subfield code="1">0</subfield>
    <subfield code="2">ddc</subfield>
    <subfield code="4">0</subfield>
    <subfield code="7">0</subfield>
    <subfield code="8">CG</subfield>
    <subfield code="a">BJHA</subfield>
    <subfield code="b">BJHA</subfield>
    <subfield code="c">GEN</subfield>
    <subfield code="d">2021-03-31</subfield>
    <subfield code="i">21-02770</subfield>
    <subfield code="o">355 T999a 2019</subfield>
    <subfield code="p">21-02770</subfield>
    <subfield code="r">2021-03-31 00:00:00</subfield>
    <subfield code="t">e.1</subfield>
    <subfield code="w">2021-03-31</subfield>
    <subfield code="y">BK</subfield>
  </datafield>
  <datafield tag="952" ind1=" " ind2=" ">
    <subfield code="0">0</subfield>
    <subfield code="1">0</subfield>
    <subfield code="2">ddc</subfield>
    <subfield code="4">0</subfield>
    <subfield code="7">0</subfield>
    <subfield code="8">CG</subfield>
    <subfield code="a">BJHA</subfield>
    <subfield code="b">BJHA</subfield>
    <subfield code="c">GEN</subfield>
    <subfield code="d">2021-03-31</subfield>
    <subfield code="i">21-02771</subfield>
    <subfield code="o">355 T999a 2019</subfield>
    <subfield code="p">21-02771</subfield>
    <subfield code="r">2021-03-31 00:00:00</subfield>
    <subfield code="t">e.2</subfield>
    <subfield code="w">2021-03-31</subfield>
    <subfield code="y">BK</subfield>
  </datafield>
  <datafield tag="952" ind1=" " ind2=" ">
    <subfield code="0">0</subfield>
    <subfield code="1">0</subfield>
    <subfield code="2">ddc</subfield>
    <subfield code="4">0</subfield>
    <subfield code="7">0</subfield>
    <subfield code="8">CG</subfield>
    <subfield code="a">BJHA</subfield>
    <subfield code="b">BJHA</subfield>
    <subfield code="c">GEN</subfield>
    <subfield code="d">2021-03-31</subfield>
    <subfield code="i">21-02772</subfield>
    <subfield code="o">355 T999a 2019</subfield>
    <subfield code="p">21-02772</subfield>
    <subfield code="r">2021-03-31 00:00:00</subfield>
    <subfield code="t">e.3</subfield>
    <subfield code="w">2021-03-31</subfield>
    <subfield code="y">BK</subfield>
  </datafield>
  <datafield tag="952" ind1=" " ind2=" ">
    <subfield code="0">0</subfield>
    <subfield code="1">0</subfield>
    <subfield code="2">ddc</subfield>
    <subfield code="4">0</subfield>
    <subfield code="7">0</subfield>
    <subfield code="8">CG</subfield>
    <subfield code="a">BJHA</subfield>
    <subfield code="b">BJHA</subfield>
    <subfield code="c">GEN</subfield>
    <subfield code="d">2022-09-12</subfield>
    <subfield code="i">21-02748</subfield>
    <subfield code="o">355 T999a 2019</subfield>
    <subfield code="p">21-02748</subfield>
    <subfield code="r">2022-09-12 00:00:00</subfield>
    <subfield code="t">e.4</subfield>
    <subfield code="w">2022-09-12</subfield>
    <subfield code="y">BK</subfield>
  </datafield>
</record>
